| 000 | 00000nam 2200000zi 4500 |
| 001 | 9.897367 |
| 003 | CaOODSP |
| 005 | 20240405144202 |
| 006 | m o d f |
| 007 | cr |n||||||||| |
| 008 | 210310e198410##oncd||| ob f00| 0|eng d |
| 040 | |aCaOODSP|beng|erda|cCaOODSP |
| 043 | |an-cn--- |
| 086 | 1 |aId54-41/1984E-PDF |
| 100 | 1 |aWills, Russel M., |eauthor. |
| 245 | 10|aSoftware policies for development and export / |cby Russel M. Wills, Peter J. Booth, Steven Globerman. |
| 264 | 1|a[Ottawa] : |bDepartment of Regional Industrial Expansion, |cOctober 1984. |
| 300 | |a1 online resource (314 pages) : |bcharts |
| 336 | |atext|btxt|2rdacontent |
| 337 | |acomputer|bc|2rdamedia |
| 338 | |aonline resource|bcr|2rdacarrier |
| 500 | |aDigitized edition from print [produced by Innovation, Science and Economic Development Canada]. |
| 500 | |a"Draft." |
| 504 | |aIncludes bibliographical references. |
| 650 | 0|aComputer software industry|xGovernment policy|zCanada. |
| 650 | 6|aLogiciels|xIndustrie|xPolitique gouvernementale|zCanada. |
| 710 | 1 |aCanada. |bDepartment of Regional Industrial Expansion, |eissuing body. |
| 856 | 40|qPDF|s10.23 MB|uhttps://publications.gc.ca/collections/collection_2024/isde-ised/Id54-41-1984-eng.pdf |